La religión neoliberal del mercado y los derechos humanos
El documento presenta un estudio acerca de la religión neoliberal del mercado y los derechos humanos, así como un análisis a la critica marxista.
Uloženo v:
| Hlavní autor: | |
|---|---|
| Médium: | Kniha |
| Jazyk: | Spanish |
| Vydáno: |
San José, Costa Rica:
Arlekín,
2017
|
| Témata: | |
| Tagy: |
Přidat tag
Žádné tagy, Buďte první, kdo vytvoří štítek k tomuto záznamu!
|
MARC
| LEADER | 00000nam a22000007a 4500 | ||
|---|---|---|---|
| 003 | @ | ||
| 005 | 20240719062600.0 | ||
| 008 | 190826b2017 CR ||||| |||| 00| 0 spa d | ||
| 020 | |a 978 9968 681 46 9 | ||
| 040 | |c cru CIDCACS/IIS | ||
| 090 | |a 03.03.01 H663r | ||
| 100 | 1 | |a Hinkelammert, Franz J. |9 4235 | |
| 245 | |a La religión neoliberal del mercado y los derechos humanos |c Franz Hinkelammert, coordinador/editor | ||
| 260 | |a San José, Costa Rica: |b Arlekín, |c 2017 | ||
| 300 | |a 286 páginas | ||
| 520 | 3 | |a El documento presenta un estudio acerca de la religión neoliberal del mercado y los derechos humanos, así como un análisis a la critica marxista. | |
| 650 | 0 | 0 | |9 129 |a NEOLIBERALISMO |
| 650 | 0 | 0 | |9 2795 |a RELIGION |
| 650 | 0 | 0 | |9 38 |a DERECHOS HUMANOS |
| 650 | 0 | 0 | |9 3067 |a PUBLICIDAD |
| 942 | |2 ddc |c LI |h 03.03.01 H663r |i 18495 |6 030301_H663R_18495 | ||
| 999 | |c 42300 |d 42300 | ||
